[Event "2022 Welsh Championship"]
[Site "Cardiff"]
[Date "2022.04.18"]
[Round "6"]
[Board "2"]
[White "Blackburn, Jonathan L B"]
[Black "Kozusek, Daniel"]
[Result "0-1"]
[WhiteElo "2215"]
[BlackElo "2315"]
[PlyCount "0"]
[EventDate "2022.04.15"]
[EventRounds "7"]
[EventCountry "WLS"]

1. d4 {[%clk 01:30:58]} {[%emt 00:00:01]} Nf6 {[%clk 01:29:59]} {[%emt
00:01:01]} 2. c4 {[%clk 01:31:23]} {[%emt 00:00:05]} e6 {[%clk 01:30:26]}
{[%emt 00:00:03]} 3. Nc3 {[%clk 01:31:01]} {[%emt 00:00:52]} Bb4 {[%clk
01:30:51]} {[%emt 00:00:05]} 4. e3 {[%clk 01:30:52]} {[%emt 00:00:39]} d5
{[%clk 01:31:09]} {[%emt 00:00:11]} 5. Nf3 {[%clk 01:23:35]} {[%emt 00:07:47]}
O-O {[%clk 01:31:29]} {[%emt 00:00:10]} 6. Bd3 {[%clk 01:24:04]} {[%emt
00:00:03]} b6 {[%clk 01:31:51]} {[%emt 00:00:07]} 7. O-O {[%clk 01:24:17]}
{[%emt 00:00:18]} Bb7 {[%clk 01:32:17]} {[%emt 00:00:04]} 8. cxd5 {[%clk
01:23:41]} {[%emt 00:01:06]} exd5 {[%clk 01:32:42]} {[%emt 00:00:05]} 9. Bd2
{[%clk 01:21:48]} {[%emt 00:02:23]} Bd6 {[%clk 01:32:17]} {[%emt 00:00:55]} 10.
Rc1 {[%clk 01:21:53]} {[%emt 00:00:26]} a6 {[%clk 01:32:43]} {[%emt 00:00:05]}
11. Ne5 {[%clk 01:21:21]} {[%emt 00:01:01]} c5 {[%clk 01:33:08]} {[%emt
00:00:05]} 12. f4 {[%clk 01:19:40]} {[%emt 00:02:11]} Nc6 {[%clk 01:33:25]}
{[%emt 00:00:13]} 13. Be1 {[%clk 01:04:32]} {[%emt 00:15:38]} cxd4 {[%clk
01:33:48]} {[%emt 00:00:06]} 14. Nxc6 {[%clk 01:04:27]} {[%emt 00:00:35]} Bxc6
{[%clk 01:34:14]} {[%emt 00:00:04]} 15. exd4 {[%clk 01:04:54]} {[%emt
00:00:02]} Be7 {[%clk 01:16:21]} {[%emt 00:18:22]} 16. Bh4 {[%clk 00:51:27]}
{[%emt 00:13:58]} Qd6 {[%clk 01:15:52]} {[%emt 00:00:59]} 17. Qc2 {[%clk
00:41:17]} {[%emt 00:10:40]} Rfe8 {[%clk 01:08:13]} {[%emt 00:08:09]} 18. Ne2
{[%clk 00:35:05]} {[%emt 00:06:43]} Bd7 {[%clk 01:03:23]} {[%emt 00:05:20]} 19.
Bxf6 {[%clk 00:29:05]} {[%emt 00:06:30]} Bxf6 {[%clk 01:03:47]} {[%emt
00:00:06]} 20. Bxh7+ {[%clk 00:29:08]} {[%emt 00:00:28]} Kh8 {[%clk 00:55:54]}
{[%emt 00:08:22]} 21. Bd3 {[%clk 00:29:25]} {[%emt 00:00:13]} Re3 {[%clk
00:53:20]} {[%emt 00:03:04]} 22. Rcd1 {[%clk 00:21:32]} {[%emt 00:08:24]} Rae8
{[%clk 00:52:21]} {[%emt 00:01:29]} 23. Nc1 {[%clk 00:17:46]} {[%emt 00:04:16]}
Bxd4 {[%clk 00:46:19]} {[%emt 00:06:30]} 24. Kh1 {[%clk 00:17:31]} {[%emt
00:00:46]} Bg4 {[%clk 00:45:50]} {[%emt 00:00:58]} 25. Bxa6 {[%clk 00:15:27]}
{[%emt 00:02:35]} Bxd1 {[%clk 00:45:00]} {[%emt 00:01:20]} 26. Qxd1 {[%clk
00:15:54]} {[%emt 00:00:04]} Bxb2 {[%clk 00:43:33]} {[%emt 00:01:55]} 27. Nd3
{[%clk 00:15:29]} {[%emt 00:00:56]} Bf6 {[%clk 00:43:23]} {[%emt 00:00:39]} 28.
Bb5 {[%clk 00:15:06]} {[%emt 00:00:53]} Rd8 {[%clk 00:38:07]} {[%emt 00:05:44]}
29. a4 {[%clk 00:14:42]} {[%emt 00:00:57]} Kg8 {[%clk 00:38:11]} {[%emt
00:00:25]} 30. Qc1 {[%clk 00:13:49]} {[%emt 00:01:23]} Re7 {[%clk 00:31:28]}
{[%emt 00:07:11]} 31. h3 {[%clk 00:10:18]} {[%emt 00:04:02]} d4 {[%clk
00:30:40]} {[%emt 00:01:18]} 32. Qd2 {[%clk 00:09:15]} {[%emt 00:01:34]} Rc8
{[%clk 00:29:43]} {[%emt 00:01:24]} 33. Re1 {[%clk 00:08:44]} {[%emt 00:01:02]}
Rxe1+ {[%clk 00:29:26]} {[%emt 00:00:47]} 34. Qxe1 {[%clk 00:08:25]} {[%emt
00:00:50]} Qe7 {[%clk 00:29:22]} {[%emt 00:00:33]} 35. Qxe7 {[%clk 00:04:36]}
{[%emt 00:04:20]} Bxe7 {[%clk 00:29:42]} {[%emt 00:00:10]} 36. Kh2 {[%clk
00:05:04]} {[%emt 00:00:02]} Bh4 {[%clk 00:29:09]} {[%emt 00:01:03]} 37. Ne5
{[%clk 00:03:27]} {[%emt 00:02:08]} Rc3 {[%clk 00:29:01]} {[%emt 00:00:37]} 38.
Nf3 {[%clk 00:03:38]} {[%emt 00:00:19]} Bf2 {[%clk 00:28:35]} {[%emt 00:00:54]}
39. h4 {[%clk 00:03:04]} {[%emt 00:01:06]} d3 {[%clk 00:28:18]} {[%emt
00:00:47]} 40. Nd2 {[%clk 00:02:16]} {[%emt 00:01:19]} Be3 {[%clk 00:28:27]}
{[%emt 00:00:20]} 41. Ne4 {[%clk 00:02:20]} {[%emt 00:00:27]} Ra3 {[%clk
00:28:30]} {[%emt 00:00:25]} 42. Kg3 {[%clk 00:02:09]} {[%emt 00:00:42]} d2
{[%clk 00:28:09]} {[%emt 00:00:51]} 43. Be2 {[%clk 00:02:24]} {[%emt 00:00:16]}
f5 {[%clk 00:27:17]} {[%emt 00:01:21]} 44. Ng5 {[%clk 00:02:06]} {[%emt
00:00:48]} Ra1 {[%clk 00:27:00]} {[%emt 00:00:47]}  0-1

[Event "2022 Welsh Championship"]
[Site "Cardiff"]
[Date "2022.04.18"]
[Round "6"]
[Board "3"]
[White "Bullen, Alex"]
[Black "Fathallah, Joe"]
[Result "1/2-1/2"]
[WhiteElo "2079"]
[BlackElo "1869"]
[PlyCount "0"]
[EventDate "2022.04.15"]
[EventRounds "7"]
[EventCountry "WLS"]

1. d4 {[%clk 01:30:57]} {[%emt 00:00:02]} f5 {[%clk 01:30:52]} {[%emt
00:00:08]} 2. Nc3 {[%clk 01:31:15]} {[%emt 00:00:12]} Nf6 {[%clk 01:31:11]}
{[%emt 00:00:11]} 3. Bg5 {[%clk 01:31:21]} {[%emt 00:00:24]} e6 {[%clk
01:31:26]} {[%emt 00:00:15]} 4. e4 {[%clk 01:31:04]} {[%emt 00:00:47]} fxe4
{[%clk 01:31:23]} {[%emt 00:00:34]} 5. Nxe4 {[%clk 01:31:26]} {[%emt 00:00:08]}
Be7 {[%clk 01:31:42]} {[%emt 00:00:10]} 6. Bxf6 {[%clk 01:31:49]} {[%emt
00:00:08]} Bxf6 {[%clk 01:32:08]} {[%emt 00:00:05]} 7. c3 {[%clk 01:32:04]}
{[%emt 00:00:14]} O-O {[%clk 01:30:49]} {[%emt 00:01:49]} 8. Nf3 {[%clk
01:32:25]} {[%emt 00:00:09]} Nc6 {[%clk 01:29:56]} {[%emt 00:01:23]} 9. h4
{[%clk 01:32:45]} {[%emt 00:00:10]} d5 {[%clk 01:23:33]} {[%emt 00:06:53]} 10.
Nxf6+ {[%clk 01:33:07]} {[%emt 00:00:08]} Qxf6 {[%clk 01:23:42]} {[%emt
00:00:22]} 11. Qd2 {[%clk 01:33:24]} {[%emt 00:00:14]} a6 {[%clk 01:16:29]}
{[%emt 00:07:43]} 12. O-O-O {[%clk 01:30:09]} {[%emt 00:03:43]} b5 {[%clk
01:11:21]} {[%emt 00:05:40]} 13. Bd3 {[%clk 01:28:45]} {[%emt 00:01:53]} e5
{[%clk 01:03:54]} {[%emt 00:07:58]} 14. dxe5 {[%clk 01:21:07]} {[%emt
00:08:07]} Nxe5 {[%clk 01:04:15]} {[%emt 00:00:09]} 15. Ng5 {[%clk 01:02:28]}
{[%emt 00:19:09]} Nxd3+ {[%clk 00:49:54]} {[%emt 00:14:52]} 16. Qxd3 {[%clk
01:02:50]} {[%emt 00:00:08]} Qf5 {[%clk 00:50:08]} {[%emt 00:00:16]} 17. Qxd5+
{[%clk 00:58:03]} {[%emt 00:05:16]} Qxd5 {[%clk 00:50:20]} {[%emt 00:00:18]} 18.
Rxd5 {[%clk 00:58:23]} {[%emt 00:00:10]} Bb7 {[%clk 00:49:12]} {[%emt
00:01:39]} 19. Rd2 {[%clk 00:58:39]} {[%emt 00:00:13]} Bxg2 {[%clk 00:45:03]}
{[%emt 00:04:39]} 20. Rg1 {[%clk 00:59:01]} {[%emt 00:00:08]} Bc6 {[%clk
00:45:13]} {[%emt 00:00:19]} 21. Ne6 {[%clk 00:58:07]} {[%emt 00:01:24]} Rf7
{[%clk 00:45:25]} {[%emt 00:00:19]} 22. Nd8 {[%clk 00:54:04]} {[%emt 00:04:33]}
Rf6 {[%clk 00:45:38]} {[%emt 00:00:17]} 23. Nxc6 {[%clk 00:54:24]} {[%emt
00:00:10]} Rxc6 {[%clk 00:46:03]} {[%emt 00:00:05]} 24. Rd7 {[%clk 00:54:48]}
{[%emt 00:00:06]} g6 {[%clk 00:42:28]} {[%emt 00:04:05]} 25. Re1 {[%clk
00:52:55]} {[%emt 00:02:23]} Rc4 {[%clk 00:38:59]} {[%emt 00:03:59]} 26. h5
{[%clk 00:52:24]} {[%emt 00:01:00]} gxh5 {[%clk 00:35:54]} {[%emt 00:03:36]} 27.
Ree7 {[%clk 00:52:31]} {[%emt 00:00:23]} Rg4 {[%clk 00:34:33]} {[%emt
00:01:50]} 28. Rxh7 {[%clk 00:42:03]} {[%emt 00:10:59]} Rf8 {[%clk 00:34:22]}
{[%emt 00:00:42]} 29. Rxh5 {[%clk 00:41:14]} {[%emt 00:01:18]} Rxf2 {[%clk
00:34:24]} {[%emt 00:00:29]} 30. Rd2 {[%clk 00:40:51]} {[%emt 00:00:52]} Rxd2
{[%clk 00:33:43]} {[%emt 00:01:12]} 31. Kxd2 {[%clk 00:41:19]} {[%emt
00:00:02]} Rg2+ {[%clk 00:33:32]} {[%emt 00:00:41]} 32. Kc1 {[%clk 00:41:41]}
{[%emt 00:00:08]} Rg6 {[%clk 00:33:07]} {[%emt 00:00:55]} 33. Kc2 {[%clk
00:41:53]} {[%emt 00:00:19]} Kf8 {[%clk 00:32:58]} {[%emt 00:00:39]} 34. Rh7
{[%clk 00:39:12]} {[%emt 00:03:10]} c5 {[%clk 00:31:59]} {[%emt 00:01:28]} 35.
Kb3 {[%clk 00:39:08]} {[%emt 00:00:35]} c4+ {[%clk 00:26:06]} {[%emt 00:06:24]}
36. Ka3 {[%clk 00:35:49]} {[%emt 00:03:48]} Ke8 {[%clk 00:25:29]} {[%emt
00:01:08]} 37. Rh2 {[%clk 00:35:02]} {[%emt 00:01:16]} Kd7 {[%clk 00:24:19]}
{[%emt 00:01:40]} 38. Kb4 {[%clk 00:35:17]} {[%emt 00:00:14]} Kc6 {[%clk
00:22:47]} {[%emt 00:02:01]} 39. a4 {[%clk 00:28:44]} {[%emt 00:07:04]} Rg5
{[%clk 00:17:34]} {[%emt 00:05:43]} 40. axb5+ {[%clk 00:19:20]} {[%emt
00:09:55]} axb5 {[%clk 00:17:50]} {[%emt 00:00:14]} 41. Ka5 {[%clk 00:19:28]}
{[%emt 00:00:20]} Kc7 {[%clk 00:04:46]} {[%emt 00:13:35]} 42. Rh7+ {[%clk
00:18:43]} {[%emt 00:01:16]} Kc6 {[%clk 00:03:01]} {[%emt 00:02:15]} 43. Rh6+
{[%clk 00:17:00]} {[%emt 00:02:13]} Kc7 {[%clk 00:02:39]} {[%emt 00:00:53]} 44.
Ka6 {[%clk 00:15:09]} {[%emt 00:02:22]} Rg2 {[%clk 00:01:45]} {[%emt 00:01:23]}
45. Kxb5 {[%clk 00:15:23]} {[%emt 00:00:16]} Rxb2+ {[%clk 00:02:10]} {[%emt
00:00:05]} 46. Kxc4 {[%clk 00:15:44]} {[%emt 00:00:08]} Rg2 {[%clk 00:02:26]}
{[%emt 00:00:15]} 47. Kb4 {[%clk 00:15:23]} {[%emt 00:00:50]} Rg5 {[%clk
00:02:10]} {[%emt 00:00:46]} 48. c4 {[%clk 00:15:43]} {[%emt 00:00:11]} Rf5
{[%clk 00:01:56]} {[%emt 00:00:43]} 49. Kc3 {[%clk 00:11:27]} {[%emt 00:04:46]}
Rg5 {[%clk 00:02:12]} {[%emt 00:00:15]} 50. Rh4 {[%clk 00:10:38]} {[%emt
00:01:18]} Rf5 {[%clk 00:30:23]} {[%emt 00:02:19]} 51. Kd4 {[%clk 00:41:00]}
{[%emt 00:00:08]} Rg5 {[%clk 00:30:35]} {[%emt 00:00:19]} 52. Re4 {[%clk
00:41:19]} {[%emt 00:00:12]} Rh5 {[%clk 00:29:06]} {[%emt 00:01:59]} 53. Re8
{[%clk 00:40:34]} {[%emt 00:01:14]} Rg5 {[%clk 00:28:28]} {[%emt 00:01:09]} 54.
Re6 {[%clk 00:40:21]} {[%emt 00:00:43]} Rh5 {[%clk 00:28:35]} {[%emt 00:00:22]}
55. Ra6 {[%clk 00:40:21]} {[%emt 00:00:30]} Rg5 {[%clk 00:28:47]} {[%emt
00:00:18]} 56. Ra7+ {[%clk 00:40:45]} {[%emt 00:00:06]} Kc6 {[%clk 00:28:43]}
{[%emt 00:00:35]} 57. Ra6+ {[%clk 00:40:33]} {[%emt 00:00:41]} Kc7 {[%clk
00:29:07]} {[%emt 00:00:06]} 58. Kc3 {[%clk 00:40:29]} {[%emt 00:00:34]} Rh5
{[%clk 00:29:25]} {[%emt 00:00:13]} 59. Kb4 {[%clk 00:40:47]} {[%emt 00:00:12]}
Rg5 {[%clk 00:29:02]} {[%emt 00:00:53]} 60. Ra7+ {[%clk 00:40:37]} {[%emt
00:00:39]} Kc6 {[%clk 00:28:30]} {[%emt 00:01:02]} 61. Ra8 {[%clk 00:40:56]}
{[%emt 00:00:11]} Kc7 {[%clk 00:28:28]} {[%emt 00:00:33]} 62. Rh8 {[%clk
00:40:07]} {[%emt 00:01:19]} Rf5 {[%clk 00:28:26]} {[%emt 00:00:33]} 63. Rh4
{[%clk 00:40:06]} {[%emt 00:00:30]} Rg5 {[%clk 00:28:32]} {[%emt 00:00:25]} 64.
c5 {[%clk 00:40:29]} {[%emt 00:00:07]} Rg1 {[%clk 00:28:47]} {[%emt 00:00:15]}
65. Kb5 {[%clk 00:40:52]} {[%emt 00:00:07]} Rb1+ {[%clk 00:28:50]} {[%emt
00:00:26]} 66. Rb4 {[%clk 00:41:16]} {[%emt 00:00:07]} Rxb4+ {[%clk 00:29:08]}
{[%emt 00:00:12]} 67. Kxb4 {[%clk 00:41:40]} {[%emt 00:00:06]} Kc6 {[%clk
00:29:27]} {[%emt 00:00:11]} 68. Kc4 {[%clk 00:42:06]} {[%emt 00:00:04]} Kc7
{[%clk 00:29:49]} {[%emt 00:00:09]} 69. Kd5 {[%clk 00:42:31]} {[%emt 00:00:04]}
Kd7 {[%clk 00:30:14]} {[%emt 00:00:06]} 70. c6+ {[%clk 00:42:57]} {[%emt
00:00:04]} Kc7 {[%clk 00:30:40]} {[%emt 00:00:04]} 71. Kc5 {[%clk 00:43:22]}
{[%emt 00:00:04]} Kc8 {[%clk 00:31:04]} {[%emt 00:00:05]} 72. Kb6 {[%clk
00:43:47]} {[%emt 00:00:05]} Kb8 {[%clk 00:31:29]} {[%emt 00:00:05]} 73. c7+
{[%clk 00:44:13]} {[%emt 00:00:04]} Kc8 {[%clk 00:31:56]} {[%emt 00:00:03]} 74.
Kc6 {[%clk 00:44:37]} {[%emt 00:00:05]}  1/2-1/2

[Event "2022 Welsh Championship"]
[Site "Cardiff"]
[Date "2022.04.18"]
[Round "6"]
[Board "4"]
[White "Kett, Tim"]
[Black "Lavender, James"]
[Result "1-0"]
[WhiteElo "2168"]
[BlackElo "2039"]
[PlyCount "0"]
[EventDate "2022.04.15"]
[EventRounds "7"]
[EventCountry "WLS"]

1. e4 {[%clk 01:30:43]} {[%emt 00:00:15]} e5 {[%clk 01:30:53]} {[%emt
00:00:09]} 2. f4 {[%clk 01:31:05]} {[%emt 00:00:08]} d5 {[%clk 01:31:18]}
{[%emt 00:00:05]} 3. exd5 {[%clk 01:31:25]} {[%emt 00:00:10]} exf4 {[%clk
01:31:41]} {[%emt 00:00:08]} 4. Nf3 {[%clk 01:31:09]} {[%emt 00:00:45]} Nf6
{[%clk 01:32:02]} {[%emt 00:00:10]} 5. Nc3 {[%clk 01:30:50]} {[%emt 00:00:49]}
Nxd5 {[%clk 01:32:23]} {[%emt 00:00:09]} 6. Nxd5 {[%clk 01:29:33]} {[%emt
00:01:47]} Qxd5 {[%clk 01:32:47]} {[%emt 00:00:06]} 7. d4 {[%clk 01:29:52]}
{[%emt 00:00:11]} Be7 {[%clk 01:33:11]} {[%emt 00:00:06]} 8. Bd3 {[%clk
01:04:27]} {[%emt 00:25:55]} Nc6 {[%clk 01:33:15]} {[%emt 00:00:26]} 9. Bxf4
{[%clk 00:54:05]} {[%emt 00:10:51]} g5 {[%clk 01:32:49]} {[%emt 00:00:56]} 10.
Bg3 {[%clk 00:29:37]} {[%emt 00:24:58]} g4 {[%clk 01:32:57]} {[%emt 00:00:23]}
11. Nd2 {[%clk 00:22:20]} {[%emt 00:07:45]} Qxd4 {[%clk 01:27:44]} {[%emt
00:05:45]} 12. Qe2 {[%clk 00:21:42]} {[%emt 00:01:08]} Be6 {[%clk 01:26:07]}
{[%emt 00:02:07]} 13. Bxc7 {[%clk 00:18:28]} {[%emt 00:03:44]} Bh4+ {[%clk
01:10:30]} {[%emt 00:16:07]} 14. g3 {[%clk 00:17:55]} {[%emt 00:01:02]} Be7
{[%clk 01:08:11]} {[%emt 00:02:49]} 15. c3 {[%clk 00:10:35]} {[%emt 00:07:50]}
Qd7 {[%clk 01:05:28]} {[%emt 00:03:13]} 16. Bf4 {[%clk 00:10:45]} {[%emt
00:00:20]} O-O-O {[%clk 01:04:30]} {[%emt 00:01:28]} 17. Bc4 {[%clk 00:10:56]}
{[%emt 00:00:19]} Bd5 {[%clk 01:02:40]} {[%emt 00:02:19]} 18. Bxd5 {[%clk
00:10:11]} {[%emt 00:01:16]} Qxd5 {[%clk 01:03:04]} {[%emt 00:00:06]} 19. Qxg4+
{[%clk 00:09:47]} {[%emt 00:00:55]} f5 {[%clk 01:03:28]} {[%emt 00:00:06]} 20.
Qf3 {[%clk 00:09:56]} {[%emt 00:00:21]} Qe6+ {[%clk 01:01:30]} {[%emt
00:02:27]} 21. Qe2 {[%clk 00:07:26]} {[%emt 00:02:59]} Qd5 {[%clk 00:59:09]}
{[%emt 00:02:52]} 22. Qf3 {[%clk 00:06:47]} {[%emt 00:01:09]} Qb5 {[%clk
00:51:41]} {[%emt 00:07:57]} 23. O-O-O {[%clk 00:05:59]} {[%emt 00:01:18]} Qa6
{[%clk 00:39:46]} {[%emt 00:12:26]} 24. Kb1 {[%clk 00:06:15]} {[%emt 00:00:14]}
Bf6 {[%clk 00:30:15]} {[%emt 00:10:01]} 25. Nb3 {[%clk 00:06:24]} {[%emt
00:00:20]} Qb5 {[%clk 00:24:55]} {[%emt 00:05:46]} 26. Rxd8+ {[%clk 00:06:00]}
{[%emt 00:00:59]} Rxd8 {[%clk 00:24:58]} {[%emt 00:00:27]} 27. Rd1 {[%clk
00:06:21]} {[%emt 00:00:09]} a5 {[%clk 00:24:27]} {[%emt 00:01:01]} 28. Qf1
{[%clk 00:03:42]} {[%emt 00:03:07]} Rxd1+ {[%clk 00:18:35]} {[%emt 00:06:23]}
29. Qxd1 {[%clk 00:04:08]} {[%emt 00:00:04]} Be5 {[%clk 00:18:26]} {[%emt
00:00:39]} 30. Bxe5 {[%clk 00:02:54]} {[%emt 00:01:44]} Qxe5 {[%clk 00:18:53]}
{[%emt 00:00:03]} 31. a3 {[%clk 00:01:36]} {[%emt 00:01:48]} Qe4+ {[%clk
00:08:08]} {[%emt 00:11:16]} 32. Qc2 {[%clk 00:01:54]} {[%emt 00:00:11]} Qd5
{[%clk 00:07:51]} {[%emt 00:00:47]} 33. Nc1 {[%clk 00:01:28]} {[%emt 00:00:55]}
Kb8 {[%clk 00:06:45]} {[%emt 00:01:36]} 34. Qd3 {[%clk 00:01:44]} {[%emt
00:00:14]} Qe6 {[%clk 00:05:01]} {[%emt 00:02:15]} 35. Ne2 {[%clk 00:01:36]}
{[%emt 00:00:37]} Qe5 {[%clk 00:03:15]} {[%emt 00:02:17]} 36. Nd4 {[%clk
00:01:39]} {[%emt 00:00:26]} Ne7 {[%clk 00:02:08]} {[%emt 00:01:37]} 37. Qb5
{[%clk 00:01:03]} {[%emt 00:01:06]} Qxb5 {[%clk 00:01:54]} {[%emt 00:00:44]} 38.
Nxb5 {[%clk 00:01:28]} {[%emt 00:00:06]} Nd5 {[%clk 00:01:16]} {[%emt
00:01:07]} 39. Nd4 {[%clk 00:01:24]} {[%emt 00:00:33]} Ne3 {[%clk 00:01:21]}
{[%emt 00:00:26]} 40. Kc1 {[%clk 00:01:13]} {[%emt 00:00:41]} Kc7 {[%clk
00:00:48]} {[%emt 00:01:03]} 41. Kd2 {[%clk 00:01:17]} {[%emt 00:00:26]} Nf1+
{[%clk 00:28:19]} {[%emt 00:02:58]} 42. Kd3 {[%clk 00:31:38]} {[%emt 00:00:10]}
Nxh2 {[%clk 00:26:33]} {[%emt 00:02:16]} 43. Nxf5 {[%clk 00:30:39]} {[%emt
00:01:29]} Kc6 {[%clk 00:22:34]} {[%emt 00:04:29]} 44. b4 {[%clk 00:28:01]}
{[%emt 00:03:08]} axb4 {[%clk 00:22:42]} {[%emt 00:00:22]} 45. cxb4 {[%clk
00:26:41]} {[%emt 00:01:49]} Kd5 {[%clk 00:20:12]} {[%emt 00:03:01]} 46. Ne3+
{[%clk 00:26:01]} {[%emt 00:01:10]} Ke5 {[%clk 00:19:10]} {[%emt 00:01:32]} 47.
a4 {[%clk 00:25:17]} {[%emt 00:01:13]} Nf3 {[%clk 00:18:42]} {[%emt 00:00:58]}
48. a5 {[%clk 00:21:19]} {[%emt 00:04:28]} Ng5 {[%clk 00:15:26]} {[%emt
00:03:46]} 49. b5 {[%clk 00:16:19]} {[%emt 00:05:31]} Ne6 {[%clk 00:14:26]}
{[%emt 00:01:30]} 50. Kc4 {[%clk 00:16:08]} {[%emt 00:00:40]} Kd6 {[%clk
00:14:42]} {[%emt 00:00:15]} 51. Ng4 {[%clk 00:10:40]} {[%emt 00:05:58]} Ng7
{[%clk 00:12:18]} {[%emt 00:02:55]} 52. Nf6 {[%clk 00:10:24]} {[%emt 00:00:45]}
h6 {[%clk 00:09:45]} {[%emt 00:03:03]} 53. Ne4+ {[%clk 00:10:17]} {[%emt
00:00:36]} Kc7 {[%clk 00:09:48]} {[%emt 00:00:28]} 54. Kd5 {[%clk 00:09:27]}
{[%emt 00:01:19]} Nf5 {[%clk 00:09:17]} {[%emt 00:01:01]} 55. Ke5 {[%clk
00:08:25]} {[%emt 00:01:32]} Ne3 {[%clk 00:09:22]} {[%emt 00:00:25]} 56. Nd6
{[%clk 00:04:59]} {[%emt 00:03:56]} h5 {[%clk 00:09:08]} {[%emt 00:00:44]} 57.
Ne8+ {[%clk 00:03:20]} {[%emt 00:02:09]} Kd8 {[%clk 00:08:18]} {[%emt
00:01:21]} 58. Nf6 {[%clk 00:02:22]} {[%emt 00:01:27]} Nc4+ {[%clk 00:08:29]}
{[%emt 00:00:20]} 59. Ke6 {[%clk 00:02:27]} {[%emt 00:00:25]} Nxa5 {[%clk
00:08:42]} {[%emt 00:00:18]} 60. Nxh5 {[%clk 00:02:53]} {[%emt 00:00:03]} Nb3
{[%clk 00:08:22]} {[%emt 00:00:50]} 61. Kd5 {[%clk 00:02:12]} {[%emt 00:01:10]}
Ke7 {[%clk 00:08:12]} {[%emt 00:00:41]} 62. b6 {[%clk 00:02:16]} {[%emt
00:00:26]} Nc1 {[%clk 00:07:51]} {[%emt 00:00:50]} 63. Nf4 {[%clk 00:02:28]}
{[%emt 00:00:17]} Nb3 {[%clk 00:07:51]} {[%emt 00:00:30]} 64. Ne6 {[%clk
00:02:29]} {[%emt 00:00:29]} Na5 {[%clk 00:06:58]} {[%emt 00:01:24]} 65. Nc5
{[%clk 00:01:59]} {[%emt 00:01:00]} Kf6 {[%clk 00:07:02]} {[%emt 00:00:27]} 66.
Ne4+ {[%clk 00:02:19]} {[%emt 00:00:09]} Ke7 {[%clk 00:07:16]} {[%emt
00:00:16]} 67. Nd6 {[%clk 00:02:36]} {[%emt 00:00:13]} Kf6 {[%clk 00:07:01]}
{[%emt 00:00:45]} 68. Kc5 {[%clk 00:02:46]} {[%emt 00:00:19]} Ke6 {[%clk
00:04:47]} {[%emt 00:02:44]} 69. Kb5 {[%clk 00:02:24]} {[%emt 00:00:52]} Nc6
{[%clk 00:03:38]} {[%emt 00:01:40]} 70. Nxb7 {[%clk 00:02:44]} {[%emt
00:00:10]} Nb8 {[%clk 00:03:53]} {[%emt 00:00:14]} 71. Nc5+ {[%clk 00:02:20]}
{[%emt 00:00:54]} Kd6 {[%clk 00:01:56]} {[%emt 00:02:27]} 72. Na6 {[%clk
00:01:46]} {[%emt 00:01:04]} Nc6 {[%clk 00:01:16]} {[%emt 00:01:10]} 73. b7
{[%clk 00:01:29]} {[%emt 00:00:46]} Nd4+ {[%clk 00:01:39]} {[%emt 00:00:08]} 74.
Kb6 {[%clk 00:01:53]} {[%emt 00:00:07]} Nc6 {[%clk 00:02:02]} {[%emt 00:00:06]}
75. g4 {[%clk 00:01:18]} {[%emt 00:01:04]}  1-0

[Event "2022 Welsh Championship"]
[Site "Cardiff"]
[Date "2022.04.18"]
[Round "6"]
[Board "5"]
[White "Bennett, Patrick"]
[Black "Zeidler, Sven P."]
[Result "1/2-1/2"]
[WhiteElo "1961"]
[BlackElo "2157"]
[PlyCount "0"]
[EventDate "2022.04.15"]
[EventRounds "7"]
[EventCountry "WLS"]

1. d4 {[%clk 01:30:56]} {[%emt 00:00:03]} f5 {[%clk 01:30:56]} {[%emt
00:00:05]} 2. g3 {[%clk 01:31:18]} {[%emt 00:00:08]} Nf6 {[%clk 01:31:20]}
{[%emt 00:00:06]} 3. Bg2 {[%clk 01:31:39]} {[%emt 00:00:09]} g6 {[%clk
01:31:26]} {[%emt 00:00:24]} 4. c4 {[%clk 01:32:03]} {[%emt 00:00:07]} Bg7
{[%clk 01:31:46]} {[%emt 00:00:09]} 5. Nh3 {[%clk 01:32:04]} {[%emt 00:00:28]}
Nc6 {[%clk 01:30:46]} {[%emt 00:01:30]} 6. d5 {[%clk 01:20:12]} {[%emt
00:12:23]} Ne5 {[%clk 01:30:18]} {[%emt 00:00:58]} 7. Qb3 {[%clk 01:20:31]}
{[%emt 00:00:10]} d6 {[%clk 01:22:17]} {[%emt 00:08:31]} 8. Nf4 {[%clk
01:17:28]} {[%emt 00:03:33]} O-O {[%clk 01:10:57]} {[%emt 00:11:51]} 9. O-O
{[%clk 01:09:49]} {[%emt 00:08:09]} c6 {[%clk 01:03:43]} {[%emt 00:07:44]} 10.
Nd2 {[%clk 01:07:43]} {[%emt 00:02:36]} Qb6 {[%clk 00:53:41]} {[%emt 00:10:32]}
11. c5 {[%clk 00:54:36]} {[%emt 00:13:36]} Qxb3 {[%clk 00:53:54]} {[%emt
00:00:18]} 12. Nxb3 {[%clk 00:54:42]} {[%emt 00:00:24]} Nxd5 {[%clk 00:49:53]}
{[%emt 00:04:31]} 13. Nxd5 {[%clk 00:54:02]} {[%emt 00:01:10]} cxd5 {[%clk
00:50:13]} {[%emt 00:00:10]} 14. Bxd5+ {[%clk 00:49:00]} {[%emt 00:05:32]} e6
{[%clk 00:50:27]} {[%emt 00:00:16]} 15. Bg2 {[%clk 00:49:12]} {[%emt 00:00:17]}
d5 {[%clk 00:47:16]} {[%emt 00:03:41]} 16. Rd1 {[%clk 00:48:17]} {[%emt
00:01:24]} Bd7 {[%clk 00:44:22]} {[%emt 00:03:25]} 17. Nd4 {[%clk 00:46:58]}
{[%emt 00:01:50]} Rfc8 {[%clk 00:42:29]} {[%emt 00:02:23]} 18. f4 {[%clk
00:37:04]} {[%emt 00:10:24]} Ng4 {[%clk 00:39:27]} {[%emt 00:03:32]} 19. h3
{[%clk 00:35:33]} {[%emt 00:02:01]} Nf6 {[%clk 00:39:15]} {[%emt 00:00:42]} 20.
Be3 {[%clk 00:35:49]} {[%emt 00:00:14]} a5 {[%clk 00:36:31]} {[%emt 00:03:15]}
21. a4 {[%clk 00:30:51]} {[%emt 00:05:27]} Bf8 {[%clk 00:36:27]} {[%emt
00:00:34]} 22. Nb3 {[%clk 00:30:28]} {[%emt 00:00:53]} Be8 {[%clk 00:35:06]}
{[%emt 00:01:50]} 23. Rdc1 {[%clk 00:28:05]} {[%emt 00:02:53]} Nd7 {[%clk
00:32:14]} {[%emt 00:03:23]} 24. Bd4 {[%clk 00:28:23]} {[%emt 00:00:11]} Rc7
{[%clk 00:28:43]} {[%emt 00:04:02]} 25. e3 {[%clk 00:26:56]} {[%emt 00:01:57]}
Rac8 {[%clk 00:26:37]} {[%emt 00:02:36]} 26. Nxa5 {[%clk 00:25:35]} {[%emt
00:01:51]} Bxc5 {[%clk 00:21:56]} {[%emt 00:05:10]} 27. Nb3 {[%clk 00:25:06]}
{[%emt 00:00:59]} Bxd4 {[%clk 00:19:26]} {[%emt 00:03:00]} 28. exd4 {[%clk
00:25:27]} {[%emt 00:00:08]} Nb6 {[%clk 00:14:51]} {[%emt 00:05:06]} 29. Rxc7
{[%clk 00:25:09]} {[%emt 00:00:48]} Rxc7 {[%clk 00:15:19]} {[%emt 00:00:02]} 30.
Nc5 {[%clk 00:25:28]} {[%emt 00:00:10]} Kf7 {[%clk 00:15:26]} {[%emt 00:00:22]}
31. b3 {[%clk 00:25:52]} {[%emt 00:00:06]} Nd7 {[%clk 00:15:29]} {[%emt
00:00:27]} 32. Rc1 {[%clk 00:20:31]} {[%emt 00:05:51]}  1/2-1/2